A Textbook Psychiatric Nursing / (Record no. 1655)

MARC details
000 -LEADER
Fixed length control field 00667nam a2200229Ia 4500
003 - CONTROL NUMBER IDENTIFIER
Control field IIN
005 - DATE AND TIME OF LATEST TRANSACTION
Control field 20240206130917.0
008 - FIXED-LENGTH DATA ELEMENTS--GENERAL INFORMATION
Fixed length control field 231217s9999 xx 000 0 und d
020 ## - INTERNATIONAL STANDARD BOOK NUMBER / ISBN
Price Rs.300.00
International Standard Book Number 9788192406015 (pbk)
040 ## - CATALOGING SOURCE
Original cataloging agency IIN
Language of cataloging English
082 ## - DEWEY DECIMAL CLASSIFICATION NUMBER
Classification number 616.890231
Book Number KPA
100 1# - MAIN ENTRY--PERSONAL NAME
Personal name Kapoor, Bimla
245 #2 - TITLE STATEMENT
Title A Textbook Psychiatric Nursing /
Statement of responsibility Bimla Kapoor
250 ## - EDITION STATEMENT
Edition statement 3rd ed
260 ## - IMPRINT
Place of publication Delhi :
Name of publisher Kumar Pub,
Date of publication 2010
300 ## - PHYSICAL DESCRIPTION
Page / Vol. No xviii-4922p.
440 ## - SERIES STATEMENT
Number Vol.2
500 ## - GENERAL NOTE
General note Including Glossary (477-480), References (481-484), Index (485-492) end of the book.
650 1# - SUBJECT ADDED ENTRY--TOPICAL TERM
Topical term Mental Health
Form subdivision Nursing
651 ## - SUBJECT ADDED ENTRY--GEOGRAPHIC NAME
Geographic name Psychiatric Nursing
942 ## - ADDED ENTRY ELEMENTS (KOHA)
Koha item type Books
Holdings
Withdrawn status Lost status Source of classification Damaged status Not for loan Collection code Home library Current library Date acquired Price Total Checkouts Call number Accession number Date last seen Copy number Price effective from Koha item type
    Dewey Decimal Classification     Purches Book IDEAL INSTITUTE OF NURSING IDEAL INSTITUTE OF NURSING 17/12/2023 300.00   616.890231 KPA 1332 06/02/2024 Vol.2 17/12/2023 Books
    Dewey Decimal Classification     Purches Book IDEAL INSTITUTE OF NURSING IDEAL INSTITUTE OF NURSING 17/12/2023 300.00   616.890231 KPA 1333 06/02/2024 Vol.2 17/12/2023 Books
    Dewey Decimal Classification     Purches Book IDEAL INSTITUTE OF NURSING IDEAL INSTITUTE OF NURSING 17/12/2023 300.00   616.890231 KPA 1334 06/02/2024 Vol.2 17/12/2023 Books
    Dewey Decimal Classification       IDEAL INSTITUTE OF NURSING IDEAL INSTITUTE OF NURSING 15/06/2024     616.890231 KPA 1699 15/06/2024   15/06/2024 Books
    Dewey Decimal Classification       IDEAL INSTITUTE OF NURSING IDEAL INSTITUTE OF NURSING 15/06/2024     616.890231 KPA 1700 15/06/2024   15/06/2024 Books
    Dewey Decimal Classification       IDEAL INSTITUTE OF NURSING IDEAL INSTITUTE OF NURSING 15/06/2024     616.890231 KPA 1701 15/06/2024   15/06/2024 Books
© Ideal Institute Of Nursing, All rights reserved.         Powered by Koha